• 首页
  • 本馆介绍
  • 公告通知
  • 最新文献
  • 馆藏检索
  • 电子资源
  • 读者导购
  • 参考咨询
  • 我的图书馆
  • 登录
  • 详细信息显示
  • 放入我的书架
  • 预约/预借图书
  • 作者相关作品
  • 分类相关作品
  • 丛书相关作品
  • 出版社相关作品

书目信息

  • 表格格式
  • 工作单格式
  • 卡片格式
题名:
小学生语文阅读与作文轻松练
    
 
作者: 徐林 主编
分册:   六年级
出版信息: 北京   华语教学出版社  2018.10
页数: 179页
开本: 26cm
丛书名: 方洲新概念
单 册:
中图分类: G624.233 , G624.243
科图分类:
主题词: 阅读课--小学--教学参考资料 , 作文课--小学--教学参考资料
电子资源:
ISBN: 978-7-5138-1261-0
000 01207nam2 2200289 45
001 012001001601
005 20140821102519.0
010    @a978-7-5138-1261-0@dCNY19.80
100    @a20171222d2017 ce y0chiy0110 ea
101 0  @achi
102    @aCN@b110000
105    @aa z 000yy
106    @ar
200 1  @a小学生语文阅读与作文轻松练@Axiao xue sheng yu wen yue du yu zuo wen qing song lian@i六年级@f徐林主编
210    @a北京@c华语教学出版社@d2018.10
215    @a179页@c图@d26cm
225 2  @a方洲新概念
330    @a阅读与作文是考试中分值所占比重很大的两个部分,阅读能力与写作能力是学生需要重点提高的两种能力,这两种能力又是相辅相成,可以共同提高的。本书就针对这两大板块对学生进行辅导和训练。本书既注重方法的辅导,又加强实战练习,让学生掌握阅读与写作的相关方法,在实战练习中进行运用。本书主要分两个部分,第一部分详解阅读能力点和写作能力点,第二部分分类别针对性进行读写训练。
410  0 @12001 @a方洲新概念
461  0 @12001 @a方洲新概念
606 0  @a阅读课@x小学@j教学参考资料
606 0  @a作文课@x小学@j教学参考资料
690    @aG624.233@v5
690    @aG624.243@v5
701  0 @a徐林@Axu lin@c(语文教育)@4主编
801    @aCN@bAHXH@c20210922
905    @b1252177-81@dG624.233@e1600@f5
    
    小学生语文阅读与作文轻松练.六年级/徐林主编.-北京:华语教学出版社,2018.10
    179页:图;26cm.-(方洲新概念)
    
    
    ISBN 978-7-5138-1261-0:CNY19.80
    阅读与作文是考试中分值所占比重很大的两个部分,阅读能力与写作能力是学生需要重点提高的两种能力,这两种能力又是相辅相成,可以共同提高的。本书就针对这两大板块对学生进行辅导和训练。本书既注重方法的辅导,又加强实战练习,让学生掌握阅读与写作的相关方法,在实战练习中进行运用。本书主要分两个部分,第一部分详解阅读能力点和写作能力点,第二部分分类别针对性进行读写训练。
●
相关链接 在E读中查询图书 在五车中查询图书 在当当中查询图书 在豆瓣中查询图书


正题名:小学生语文阅读与作文轻松练     索取号:G624.233/1600         预约/预借

序号 登录号 条形码 馆藏地/架位号 状态 备注
1 1252177   212521779   第一样本阅览室/ [索取号:G624.233/1600] 在馆    
2 1252178   212521788   教育系资料室/ [索取号:G624.233/1600] 在馆    
3 1252179   212521797   教育系资料室/ [索取号:G624.233/1600] 在馆    
4 1252180   212521804   第四借阅区/ [索取号:G624.233/1600] 在馆    
5 1252181   212521813   第四借阅区/ [索取号:G624.233/1600] 在馆    
唐山师范学院图书馆 欢迎您!
大连网信软件有限公司© 版权所有